[Event "17e open 1hKO"]
[Site "Montigny le Bretonneux"]
[Date "2013.05.18"]
[Round "4.9"]
[White "Chambourdon, Alain"]
[Black "Sellier, Alexandre"]
[Result "0-1"]
[WhiteElo "1560"]
[BlackElo "1180"]
[PlyCount "90"]
[EventDate "2013.04.??"]
[EventType "swiss"]
[EventRounds "7"]
[EventCountry "FRA"]
[SourceDate "2005.09.12"]

{Ouverture Bird} 1. f4 c5 2. Nf3 e6 3. e3 Nf6 4. b3 g6 5. Bb2 Nc6 6. d3 Bg7 7.
Be2 O-O 8. O-O b6 9. Nbd2 Bb7 10. c4 d5 11. Ne5 d4 12. Nxc6 Bxc6 13. e4 Ne8 14.
Nf3 Nd6 15. Bc1 Bh6 16. Ne5 Bb7 17. Ng4 Bg7 18. Bf3 f5 19. Nf2 Re8 20. e5 Bxf3
21. Qxf3 Nf7 22. Bd2 a6 23. b4 a5 24. b5 g5 25. Rfe1 gxf4 26. Bxf4 Qc7 27. Qg3
Kh8 28. Nh3 Rg8 29. Ng5 Nxg5 30. Bxg5 Bh6 31. Bf6+ Rg7 32. Qf3 Be3+ 33. Kh1
Rag8 34. g3 h6 35. Qc6 Qa7 36. Qxe6 Qa8+ 37. Qd5 Qf8 38. Qe6 Bg5 39. Qxf5 Bxf6
40. Qxf6 Qa8+ 41. Kg1 Kh7 42. Qf5+ Kh8 43. e6 Rxg3+ 44. hxg3 Rxg3+ 45. Kh2 Qg2#
0-1

[Event "17e open 1hKO"]
[Site "Montigny le Bretonneux"]
[Date "2013.05.18"]
[Round "4.10"]
[White "Sagon, Lancelot"]
[Black "Soleranski, Vincent"]
[Result "1/2-1/2"]
[WhiteElo "1310"]
[BlackElo "1478"]
[PlyCount "69"]
[EventDate "2013.04.??"]
[EventType "swiss"]
[EventRounds "7"]
[EventCountry "FRA"]
[SourceDate "2005.09.12"]

{Défense française, variante Steinitz} 1. d4 e6 2. Nc3 Nf6 3. e4 d5 4. exd5
Nxd5 5. Nxd5 exd5 6. Nf3 Nc6 7. Bd3 g6 8. O-O Bg7 9. Re1+ Be6 10. Ng5 Qd7 11.
Qe2 Nxd4 12. Qe3 O-O-O 13. c3 Nc6 14. Nxe6 Rhe8 15. Be2 fxe6 16. Bg4 Be5 17. b4
b5 18. Rd1 h5 19. Bf3 d4 20. Bxc6 dxe3 21. Bxd7+ Rxd7 22. Bxe3 Bxc3 23. Rac1
Red8 24. Rxd7 Rxd7 25. a3 Bb2 26. Rb1 Bxa3 27. g3 Rd3 28. Bxa7 Rc3 29. Re1 Rc1
30. Rxc1 Bxc1 31. Kg2 Bd2 32. Bc5 Kd7 33. Kf3 Kc6 34. Ke4 Be1 35. f4 1/2-1/2

[Event "17e open 1hKO"]
[Site "Montigny le Bretonneux"]
[Date "2013.05.18"]
[Round "4.11"]
[White "Fosse, Jean-Claude"]
[Black "Mcintosh, Antoine"]
[Result "1-0"]
[WhiteElo "1443"]
[BlackElo "1110"]
[PlyCount "73"]
[EventDate "2013.04.??"]
[EventType "swiss"]
[EventRounds "7"]
[EventCountry "FRA"]
[SourceDate "2005.09.12"]

{Partie italienne, guiocco piano} 1. e4 e5 2. Nf3 Nc6 3. Bc4 Bc5 4. c3 Nf6 5.
d3 Ng4 6. Bxf7+ Kxf7 7. Ng5+ Ke7 8. Qxg4 d6 9. Qe2 Qf8 10. O-O Qf6 11. Nf3 Bg4
12. Nbd2 Raf8 13. h3 Bh5 14. g4 Bxg4 15. hxg4 Qf4 16. Nh2 Rf6 17. Ndf3 Bxf2+
18. Rxf2 Qg3+ 19. Rg2 Qh3 20. Bg5 Rhf8 21. Bxf6+ Rxf6 22. Rf1 Rh6 23. Ng5 Qh4
24. Rf7+ Kd8 25. Rxg7 Ne7 26. Nf7+ Kd7 27. Nxh6 Qxh6 28. Rf7 Qg6 29. Qf2 h5 30.
Qf5+ Qe6 31. gxh5 Kc6 32. Qxe6 Nc8 33. Qxc8 d5 34. Rxc7+ Kb6 35. Qxb7+ Ka5 36.
Qb4+ Ka6 37. Rc6# 1-0

[Event "17e open 1hKO"]
[Site "Montigny le Bretonneux"]
[Date "2013.05.18"]
[Round "4.12"]
[White "Verat-Fayolle, Celian"]
[Black "Montay, Jean Paul"]
[Result "0-1"]
[WhiteElo "1270"]
[BlackElo "1369"]
[PlyCount "88"]
[EventDate "2013.04.??"]
[EventType "swiss"]
[EventRounds "7"]
[EventCountry "FRA"]
[SourceDate "2005.09.12"]

{Défense Petroff} 1. e4 e5 2. Nf3 Nf6 3. Nxe5 Nxe4 4. Qe2 d6 5. Nxf7 Kxf7 6.
Qxe4 d5 7. Qf4+ Ke8 8. Qe5+ Qe7 9. Qxe7+ Bxe7 10. Bd3 h6 11. Nc3 Be6 12. O-O
Rf8 13. Re1 Rf6 14. Nb5 Na6 15. f4 c6 16. Nc3 Nc5 17. Bf1 Rxf4 18. Rd1 Rh4 19.
g3 Rg4 20. Bh3 Rg6 21. Bxe6 Rxe6 22. d4 Ne4 23. Na4 Kd7 24. Nc5+ Nxc5 25. dxc5
Bxc5+ 26. Kg2 Re2+ 27. Kh3 Rxc2 28. Rd2 Rc4 29. b3 Re4 30. Bb2 g6 31. Rad1 h5
32. Bd4 Bb4 33. Rd3 a6 34. Re3 Rxe3 35. Bxe3 Re8 36. Bd2 Bxd2 37. Rxd2 b5 38.
Kh4 Re5 39. b4 Kd6 40. g4 hxg4 41. Kxg4 Re4+ 42. Kg5 Rxb4 43. Kxg6 c5 44. h4
Rxh4 0-1

[Event "17e open 1hKO"]
[Site "Montigny le Bretonneux"]
[Date "2013.05.18"]
[Round "4.13"]
[White "Olichon, Gaetan"]
[Black "Geffrotin, Daniel"]
[Result "1-0"]
[WhiteElo "1630"]
[BlackElo "1600"]
[PlyCount "61"]
[EventDate "2013.04.??"]
[EventType "swiss"]
[EventRounds "7"]
[EventCountry "FRA"]
[SourceDate "2005.09.12"]

{Défense sicilienne, variante du dragon} 1. e4 c5 2. Nf3 d6 3. d4 cxd4 4. Nxd4
Nf6 5. Nc3 g6 6. Be2 Bg7 7. Be3 O-O 8. Qd2 Nc6 9. O-O Re8 10. Rad1 Bd7 11. f4
Qa5 12. Nb3 Qc7 13. f5 gxf5 14. exf5 Ne5 15. Nb5 Bxb5 16. Bxb5 Rec8 17. c3 Nfg4
18. Be2 Nxe3 19. Qxe3 f6 20. Nd4 Qc5 21. Kh1 Kh8 22. Qh3 Rg8 23. Rf4 Qd5 24.
Rh4 Rgc8 25. Rxh7+ Kg8 26. Rxg7+ Kxg7 27. Ne6+ Kf7 28. Qh7+ Ke8 29. Rxd5 a6 30.
Rxd6 Nf7 31. Qg8# 1-0

[Event "17e open 1hKO"]
[Site "Montigny le Bretonneux"]
[Date "2013.05.18"]
[Round "4.14"]
[White "Mutzel, Joseph"]
[Black "Stonner, Martin"]
[Result "0-1"]
[WhiteElo "1320"]
[BlackElo "1440"]
[PlyCount "100"]
[EventDate "2013.04.??"]
[EventType "swiss"]
[EventRounds "7"]
[EventCountry "FRA"]
[SourceDate "2005.09.12"]

{Partie italienne, giuocco piano} 1. e4 e5 2. Nf3 Nc6 3. Bc4 Bc5 4. d3 Nf6 5.
O-O O-O 6. Bg5 h6 7. Bh4 d6 8. c3 Na5 9. Nbd2 g5 10. Bg3 Nxc4 11. Nxc4 Nh5 12.
Nfd2 Nxg3 13. hxg3 f5 14. b4 Bb6 15. Qb3 Be6 16. Qa4 Qf6 17. Qd1 fxe4 18. Nxe4
Qf7 19. Nxb6 axb6 20. g4 Bxa2 21. Qd2 Be6 22. Rxa8 Rxa8 23. f3 Ra2 24. Qc1 d5
25. Nxg5 hxg5 26. Qxg5+ Qg7 27. Qd8+ Kh7 28. Qh4+ Kg6 29. Qh5+ Kf6 30. f4 e4
31. Qe5+ Kf7 32. Qxc7+ Kg8 33. Qxb6 Bxg4 34. dxe4 dxe4 35. Qc5 Bf3 36. Qc4+ Qf7
37. Qxf7+ Kxf7 38. gxf3 e3 39. Re1 e2 40. Kf2 Rc2 41. Rxe2 Rxc3 42. Re4 Kf6 43.
Kg3 Kf5 44. Re8 Rc4 45. Rf8+ Kg6 46. f5+ Kg5 47. b5 Rb4 48. Rh8 Rxb5 49. f4+
Kf6 50. Rf8+ Ke7 0-1

[Event "17e open 1hKO"]
[Site "Montigny le Bretonneux"]
[Date "2013.05.18"]
[Round "4.15"]
[White "De Romance, Flavien"]
[Black "Mutzel, Annabelle"]
[Result "0-1"]
[WhiteElo "1310"]
[BlackElo "1406"]
[PlyCount "84"]
[EventDate "2013.04.??"]
[EventType "swiss"]
[EventRounds "7"]
[EventCountry "FRA"]
[SourceDate "2005.09.12"]

{Début Reti, attaque est-indienne} 1. Nf3 c5 2. g3 d5 3. d3 g6 4. Bg2 Bg7 5.
O-O e5 6. e4 d4 7. c3 Nc6 8. b3 Nge7 9. Bb2 O-O 10. cxd4 cxd4 11. Nbd2 h6 12.
Rc1 Nb4 13. Nc4 Nec6 14. Ba3 Re8 15. Qd2 a5 16. h3 b5 17. Nb2 Qb6 18. g4 Nxa2
19. Bc5 Qb7 20. Ra1 Ncb4 21. g5 h5 22. Nh4 Qc6 23. Bxd4 exd4 24. e5 Qc3 25.
Qxc3 dxc3 26. Bxa8 cxb2 27. Rae1 Nc3 28. d4 Nc2 29. Rc1 bxc1=Q 30. Rxc1 Ne2+
31. Kh2 Nxc1 32. Bc6 Bxe5+ 33. dxe5 Rxe5 34. Ba8 Rxg5 35. Nf3 Rf5 36. h4 Nxb3
37. Kg3 a4 38. Be4 Rc5 39. Kf4 a3 40. Ng5 a2 41. Nh3 a1=Q 42. f3 Qe5# 0-1

[Event "17e open 1hKO"]
[Site "Montigny le Bretonneux"]
[Date "2013.05.18"]
[Round "5.1"]
[White "Etrog, Jonathan"]
[Black "Forissier, Nicolas"]
[Result "1-0"]
[WhiteElo "2210"]
[BlackElo "1966"]
[PlyCount "56"]
[EventDate "2013.04.??"]
[EventType "swiss"]
[EventRounds "7"]
[EventCountry "FRA"]
[SourceDate "2005.09.12"]

{Défense est-indienne, variante yougoslave} 1. c4 Nf6 2. g3 g6 3. Bg2 Bg7 4.
Nc3 O-O 5. d4 d6 6. Nf3 c5 7. dxc5 dxc5 8. O-O Nc6 9. Bf4 Be6 10. Ne5 Nxe5 11.
Bxe5 Nd7 12. Bxg7 Kxg7 13. Bxb7 Rb8 14. Bd5 Bh3 15. Re1 Rxb2 16. Ne4 Rb8 17.
Nxc5 Nb6 18. Qd4+ Kg8 19. Qh4 Bc8 20. Qf4 Bh3 21. Qh6 Bc8 22. Ne4 Nxd5 23. cxd5
f6 24. Rad1 Bf5 25. Nc3 Qa5 26. Qe3 Rfe8 27. Qd2 Rec8 28. Rc1 Rb5 {suite non
notée} 1-0

[Event "17e open 1hKO"]
[Site "Montigny le Bretonneux"]
[Date "2013.05.18"]
[Round "5.2"]
[White "Bouvier, Clement"]
[Black "Francois, Jean"]
[Result "1-0"]
[WhiteElo "1895"]
[BlackElo "1823"]
[PlyCount "105"]
[EventDate "2013.04.??"]
[EventType "swiss"]
[EventRounds "7"]
[EventCountry "FRA"]
[SourceDate "2005.09.12"]

{Partie viennoise} 1. e4 e5 2. Nc3 Nc6 3. f4 d6 4. Bc4 exf4 5. Nf3 Bg4 6. d4
Bxf3 7. gxf3 Qh4+ 8. Ke2 g5 9. Nd5 O-O-O 10. c3 Bg7 11. Kd3 Na5 12. Bb3 Nxb3
13. axb3 Kb8 14. Bd2 c6 15. Nb4 Ne7 16. Be1 Qh3 17. Kc2 f5 18. Bf2 fxe4 19.
fxe4 c5 20. Nd3 cxd4 21. cxd4 Rc8+ 22. Kb1 Rc7 23. d5 b6 24. Nb4 Kb7 25. Ra3
Rhc8 26. Qe2 Qg2 27. Rg1 Qxh2 28. Rxa7+ Kxa7 29. Bxb6+ Kxb6 30. Qxh2 h6 31.
Qf2+ Kb5 32. Nd3 Rc2 33. Qxc2 Rxc2 34. Kxc2 Ng6 35. Kd1 Bd4 36. Rh1 Ne5 37.
Nxe5 Bxe5 38. Rxh6 g4 39. Ke2 Kb4 40. Rg6 g3 41. Kf3 Kc5 42. Re6 Bxb2 43. Kxf4
g2 44. Rg6 Be5+ 45. Kf5 Kb4 46. Rxg2 Kxb3 47. Rg6 Kc4 48. Re6 Bh2 49. Kf6 Kc5
50. Ke7 Bg3 51. Kd7 Be5 52. Rxe5 dxe5 53. Ke6 1-0

[Event "17e open 1hKO"]
[Site "Montigny le Bretonneux"]
[Date "2013.05.18"]
[Round "5.3"]
[White "Artieres, Michel"]
[Black "Claisse, Patrick"]
[Result "0-1"]
[WhiteElo "1700"]
[BlackElo "1836"]
[PlyCount "74"]
[EventDate "2013.04.??"]
[EventType "swiss"]
[EventRounds "7"]
[EventCountry "FRA"]
[SourceDate "2005.09.12"]

{Défense sicilienne, attaque Sozin} 1. e4 c5 2. Nf3 d6 3. d4 cxd4 4. Nxd4 Nf6
5. Nc3 a6 6. Bc4 e6 7. Bb3 Be7 8. Be3 Bd7 9. f4 Qc7 10. f5 d5 11. fxe6 fxe6 12.
exd5 Qe5 13. Qe2 exd5 14. O-O-O Nc6 15. Nf3 Qc7 16. Nxd5 Nxd5 17. Bxd5 O-O-O
18. g3 Bf6 19. Qf2 Qa5 20. Bb6 Qb5 21. Bb3 Rde8 22. c4 Qh5 23. Qd2 Bg4 24. Qf4
Re7 25. Rd5 Qh6 26. Qxh6 gxh6 27. Bd1 Nb4 28. Rc5+ Kb8 29. a3 Nd3+ 30. Kb1 Nxc5
31. Bxc5 Rd7 32. Be2 Re8 33. h3 Rxe2 34. hxg4 Rxb2+ 35. Kc1 Rb3 36. Re1 Rxf3
37. Re8+ Kc7 0-1

[Event "17e open 1hKO"]
[Site "Montigny le Bretonneux"]
[Date "2013.05.18"]
[Round "5.4"]
[White "Gauthier, Arnaud"]
[Black "Goulenok, Eric"]
[Result "0-1"]
[WhiteElo "1853"]
[BlackElo "2187"]
[PlyCount "48"]
[EventDate "2013.04.??"]
[EventType "swiss"]
[EventRounds "7"]
[EventCountry "FRA"]
[SourceDate "2005.09.12"]

{Gambit Benko accepté} 1. d4 Nf6 2. c4 c5 3. d5 b5 4. cxb5 a6 5. bxa6 Bxa6 6.
Nc3 g6 7. g3 Bg7 8. Bg2 d6 9. Nf3 O-O 10. O-O Nbd7 11. Re1 Qb6 12. e4 Ng4 13.
Na4 Qc7 14. Bd2 Nge5 15. Bc3 Bb5 16. Bxe5 Bxa4 17. b3 Nxe5 18. bxa4 Nxf3+ 19.
Bxf3 Bxa1 20. Qxa1 Rxa4 21. Bd1 Ra3 22. Bb3 Rb8 23. Qc1 Qa5 24. Re2 Rbxb3 0-1

[Event "17e open 1hKO"]
[Site "Montigny le Bretonneux"]
[Date "2013.05.18"]
[Round "5.5"]
[White "Duval, Sylvain"]
[Black "Mongey, Alain"]
[Result "1-0"]
[WhiteElo "1972"]
[BlackElo "1667"]
[PlyCount "78"]
[EventDate "2013.04.??"]
[EventType "swiss"]
[EventRounds "7"]
[EventCountry "FRA"]
[SourceDate "2005.09.12"]

1. c4 c5 2. g3 Nc6 3. Bg2 g6 4. Nc3 Bg7 5. d3 d6 6. Bd2 Nf6 7. Nf3 O-O 8. O-O
a6 9. a3 Rb8 10. Rb1 b5 11. cxb5 axb5 12. b4 cxb4 13. axb4 Bd7 14. Qb3 Bg4 15.
Rfc1 Bxf3 16. Bxf3 Nd4 17. Qd1 Nxf3+ 18. exf3 Qd7 19. Qe2 Rfc8 20. Bg5 e6 21.
Qd2 Qb7 22. Ne4 Nxe4 23. fxe4 d5 24. f3 Qa7+ 25. Kg2 dxe4 26. fxe4 Rxc1 27.
Rxc1 h5 28. Be3 Qb7 29. Bc5 Rd8 30. Qe3 Kh7 31. Rf1 f5 32. h3 Bh6 33. Qf3 Bf8
34. exf5 Qxf3+ 35. Rxf3 exf5 36. d4 Kg7 37. Ra3 Kf6 38. Ra6+ Kg5 39. h4+ Kh6 {
suite non notée} 1-0

[Event "17e open 1hKO"]
[Site "Montigny le Bretonneux"]
[Date "2013.05.18"]
[Round "5.6"]
[White "Mourgues, Joelle"]
[Black "Ferreira, Carlos"]
[Result "1/2-1/2"]
[WhiteElo "1737"]
[BlackElo "1813"]
[PlyCount "67"]
[EventDate "2013.04.??"]
[EventType "swiss"]
[EventRounds "7"]
[EventCountry "FRA"]
[SourceDate "2005.09.12"]

{Début Reti} 1. Nf3 Nf6 2. g3 d6 3. d3 e5 4. Bg2 Be7 5. Nbd2 c6 6. O-O Bg4 7.
c3 O-O 8. Qe1 h6 9. e4 Qd7 10. Nc4 Bh3 11. Qe2 Bxg2 12. Kxg2 b5 13. Ne3 g6 14.
h3 Kg7 15. Kh2 Na6 16. b4 Nc7 17. Bb2 a5 18. a3 a4 19. c4 bxc4 20. Nxc4 Qe6 21.
Rac1 Nd7 22. d4 f6 23. Rc2 Kh7 24. Na5 c5 25. d5 Qf7 26. Nc6 f5 27. Nxe7 Qxe7
28. bxc5 Nxc5 29. Rxc5 dxc5 30. Bxe5 Qf7 31. Bxc7 Qxc7 32. e5 Rfe8 33. Rc1 Rac8
34. Qc4 1/2-1/2

[Event "17e open 1hKO"]
[Site "Montigny le Bretonneux"]
[Date "2013.05.18"]
[Round "5.7"]
[White "Mundell, Peter"]
[Black "Montay, Jean Paul"]
[Result "1-0"]
[WhiteElo "1927"]
[BlackElo "1369"]
[PlyCount "67"]
[EventDate "2013.04.??"]
[EventType "swiss"]
[EventRounds "7"]
[EventCountry "FRA"]
[SourceDate "2005.09.12"]

{Partie du pion dame} 1. d4 d5 2. Nf3 Nd7 3. Bf4 Ngf6 4. e3 Ne4 5. Bd3 e6 6.
O-O Bd6 7. Ne5 Nxe5 8. dxe5 Be7 9. Nd2 Nc5 10. Qg4 g6 11. Bh6 Nxd3 12. cxd3 f5
13. exf6 Bxf6 14. Qb4 Kf7 15. f4 Qd6 16. Qxd6 cxd6 17. Rac1 e5 18. fxe5 dxe5
19. Bg5 Bf5 20. Rc7+ Ke6 21. Bxf6 Kxf6 22. g4 Kg5 23. gxf5 gxf5 24. Rf7 Rhf8
25. Nf3+ Kg6 26. Nxe5+ Kg5 27. Rxf8 Rxf8 28. Rc1 f4 29. Kf2 Kf5 30. Nf3 Re8 31.
exf4 Kxf4 32. Rc7 Re3 33. Rf7+ Kg4 34. Kxe3 1-0

[Event "17e open 1hKO"]
[Site "Montigny le Bretonneux"]
[Date "2013.05.18"]
[Round "5.8"]
[White "Sellier, Alexandre"]
[Black "Duval, Dominique"]
[Result "0-1"]
[WhiteElo "1180"]
[BlackElo "1780"]
[PlyCount "50"]
[EventDate "2013.04.??"]
[EventType "swiss"]
[EventRounds "7"]
[EventCountry "FRA"]
[SourceDate "2005.09.12"]

{Défense sicilienne, gambit Morra} 1. e4 c5 2. d4 cxd4 3. Qxd4 Nc6 4. Qc4 Nf6
5. Nc3 g6 6. Nf3 Bg7 7. e5 Ng8 8. Bf4 e6 9. O-O-O Nge7 10. g3 a6 11. Bg2 Qc7
12. Rhe1 b5 13. Qd3 O-O 14. Kb1 Bb7 15. a3 Rfd8 16. Rd2 Rac8 17. Rde2 Na5 18.
Ne4 Bxe4 19. Qxe4 Nd5 20. Bg5 Re8 21. Rd2 Nc4 22. Rd3 Nxb2 23. Kxb2 Qxc2+ 24.
Ka1 Nc3 25. Qb4 Qa2# 0-1

[Event "17e open 1hKO"]
[Site "Montigny le Bretonneux"]
[Date "2013.05.18"]
[Round "5.9"]
[White "Branson, James"]
[Black "Fosse, Jean-Claude"]
[Result "1-0"]
[WhiteElo "1722"]
[BlackElo "1443"]
[PlyCount "53"]
[EventDate "2013.04.??"]
[EventType "swiss"]
[EventRounds "7"]
[EventCountry "FRA"]
[SourceDate "2005.09.12"]

{Défense sicilienne, variante Paulsen} 1. e4 c5 2. Nf3 e6 3. Nc3 a6 4. a4 Qc7
5. d4 cxd4 6. Nxd4 Nf6 7. Be2 Bb4 8. O-O Bxc3 9. bxc3 Nxe4 10. Bd3 Nf6 11. Bb2
d5 12. Re1 O-O 13. Re3 Nbd7 14. g4 Ne5 15. g5 Nfg4 16. Rg3 Nxd3 17. cxd3 e5 18.
Nc2 e4 19. dxe4 dxe4 20. h3 Ne5 21. Nd4 Nf3+ 22. Nxf3 exf3 23. Qxf3 Be6 24. h4
Qc6 25. Qf4 f5 26. gxf6 Rxf6 27. Qxf6 1-0

[Event "17e open 1hKO"]
[Site "Montigny le Bretonneux"]
[Date "2013.05.18"]
[Round "5.10"]
[White "Soleranski, Vincent"]
[Black "Hurlot, Rodolphe"]
[Result "0-1"]
[WhiteElo "1478"]
[BlackElo "1754"]
[PlyCount "57"]
[EventDate "2013.04.??"]
[EventType "swiss"]
[EventRounds "7"]
[EventCountry "FRA"]
[SourceDate "2005.09.12"]

{Défense française, variante d'avance} 1. e4 e6 2. d4 d5 3. e5 c5 4. c3 Nc6 5.
Qg4 cxd4 6. cxd4 Qb6 7. Nf3 Nb4 8. Na3 Nc6 9. b3 Qa5+ 10. Nd2 Nh6 11. Qg3 Nf5
12. Qd3 Bxa3 13. Bxa3 Qxa3 14. Nf3 Qb4+ 15. Qd2 Qxd2+ 16. Kxd2 Nfxd4 17. Nxd4
Nxd4 18. f4 Bd7 19. Rc1 Rc8 20. Rxc8+ Bxc8 21. Kd3 Nc6 22. Ke3 O-O 23. Be2 Bd7
24. Rc1 Rc8 25. g4 Nb4 26. Rxc8+ Bxc8 27. a4 b6 28. h4 Nc2+ 29. Kd3 0-1

[Event "17e open 1hKO"]
[Site "Montigny le Bretonneux"]
[Date "2013.05.18"]
[Round "5.11"]
[White "Mutzel, Annabelle"]
[Black "Darpoux, Danielle"]
[Result "1-0"]
[WhiteElo "1406"]
[BlackElo "1386"]
[PlyCount "101"]
[EventDate "2013.04.??"]
[EventType "swiss"]
[EventRounds "7"]
[EventCountry "FRA"]
[SourceDate "2005.09.12"]

{Partie écossaise} 1. e4 e5 2. Nf3 Nc6 3. d4 exd4 4. Nxd4 Nxd4 5. Qxd4 d6 6.
Bc4 Be6 7. b3 Nf6 8. Nc3 Be7 9. Bb2 c5 10. Bb5+ Bd7 11. Qa4 a6 12. Bxd7+ Nxd7
13. Qc4 O-O 14. f4 Nb6 15. Qe2 Re8 16. O-O-O Qc7 17. Qg4 Bf6 18. Kb1 Qe7 19. a4
Bxc3 20. Bxc3 f6 21. Rhe1 Nd7 22. h4 h6 23. Qh5 Kh8 24. g4 Rf8 25. Rd5 Rf7 26.
Rf5 Raf8 27. g5 fxg5 28. Qxh6+ Kg8 29. Rxg5 Nf6 30. e5 Nd5 31. Bb2 Nxf4 32. e6
Rf6 33. Bxf6 Rxf6 34. Rxg7+ Qxg7 35. Qxg7+ Kxg7 36. e7 Ng2 37. e8=Q Nxe1 38.
Qxe1 b6 39. Qe7+ Kg6 40. h5+ Kf5 41. Qe1 Kg5 42. Qe2 Rh6 43. Qxa6 d5 44. Qd3 d4
45. b4 Rxh5 46. bxc5 bxc5 47. a5 Rh8 48. a6 Rc8 49. Qg3+ Kf6 50. a7 Ke6 51.
Qg4+ 1-0

[Event "17e open 1hKO"]
[Site "Montigny le Bretonneux"]
[Date "2013.05.18"]
[Round "5.12"]
[White "Stonner, Martin"]
[Black "Olichon, Gaetan"]
[Result "0-1"]
[WhiteElo "1440"]
[BlackElo "1630"]
[PlyCount "80"]
[EventDate "2013.04.??"]
[EventType "swiss"]
[EventRounds "7"]
[EventCountry "FRA"]
[SourceDate "2005.09.12"]

{Défense ouest-indienne} 1. d4 Nf6 2. c4 e6 3. a3 b6 4. Nc3 Bb7 5. e3 d5 6.
cxd5 Nxd5 7. Nf3 Nxc3 8. bxc3 Bd6 9. Bd3 Nd7 10. O-O e5 11. e4 O-O 12. Qb3 c5
13. d5 c4 14. Bxc4 Nc5 15. Qc2 Qf6 16. Re1 Rac8 17. Bd3 h6 18. a4 Rc7 19. a5
Rfc8 20. Bb2 g5 21. a6 Ba8 22. Nd2 Nxd3 23. Qxd3 Qf4 24. g3 Qg4 25. Rec1 f5 26.
f3 Bc5+ 27. Kg2 Qh5 28. d6 Rd7 29. Qc4+ Qf7 30. Qxf7+ Kxf7 31. Nc4 Bxd6 32.
Nxd6+ Rxd6 33. Rd1 Rcd8 34. Rxd6 Rxd6 35. Ba3 Rd2+ 36. Kh3 fxe4 37. fxe4 Bxe4
38. Re1 Bg2+ 39. Kg4 Kg6 40. Rxe5 h5# 0-1

[Event "17e open 1hKO"]
[Site "Montigny le Bretonneux"]
[Date "2013.05.18"]
[Round "5.13"]
[White "Mcintosh, Antoine"]
[Black "Chambourdon, Alain"]
[Result "1/2-1/2"]
[WhiteElo "1110"]
[BlackElo "1560"]
[PlyCount "25"]
[EventDate "2013.04.??"]
[EventType "swiss"]
[EventRounds "7"]
[EventCountry "FRA"]
[SourceDate "2005.09.12"]

{Défense Caro-Kann} 1. e4 c6 2. Bc4 d5 3. Bd3 dxe4 4. Bxe4 Nf6 5. Bf3 Bg4 6. d3
e6 7. Be3 h6 8. Nc3 Bb4 9. a3 Bxc3+ 10. bxc3 O-O 11. Ne2 Bf5 12. Nd4 Qa5 13.
Be4 {suite illisible} 1/2-1/2

[Event "17e open 1hKO"]
[Site "Montigny le Bretonneux"]
[Date "2013.05.18"]
[Round "5.14"]
[White "Geffrotin, Daniel"]
[Black "Verat-Fayolle, Celian"]
[Result "0-1"]
[WhiteElo "1600"]
[BlackElo "1270"]
[PlyCount "108"]
[EventDate "2013.04.??"]
[EventType "swiss"]
[EventRounds "7"]
[EventCountry "FRA"]
[SourceDate "2005.09.12"]

{Ouverture du pion dame} 1. d4 Nf6 2. Nf3 e6 3. Bg5 c5 4. e3 Nc6 5. Bd3 d5 6.
O-O Bd6 7. Nbd2 e5 8. e4 dxe4 9. Nxe4 Be7 10. dxe5 Nxe4 11. Bxe4 Bxg5 12. Qxd8+
Bxd8 13. Rad1 O-O 14. Rd2 Bg4 15. Bxc6 bxc6 16. Ne1 Ba5 17. c3 Rad8 18. Rc2 Rd1
19. f3 Bf5 20. Rcf2 Rfd8 21. g4 Bg6 22. f4 Be4 23. f5 R8d2 24. Rxd2 Rxd2 25.
Rf4 Bd5 26. c4 Rd1 27. cxd5 Rxe1+ 28. Kg2 cxd5 29. Kh3 Rxe5 30. Ra4 Bb6 31. Kg3
g5 32. fxg6 fxg6 33. Kf3 Kf7 34. Rf4+ Ke6 35. Rf8 d4 36. Re8+ Kd5 37. Rh8 h5
38. Rg8 hxg4+ 39. Kxg4 g5 40. Rg7 d3 41. b3 d2 42. Rd7+ Ke4 43. Rxd2 Rd5 44.
Rxd5 Kxd5 45. Kxg5 c4 46. bxc4+ Kxc4 47. h4 Bd4 48. h5 Kc3 49. Kf5 a5 50. Ke4
a4 51. h6 a3 52. h7 Bh8 53. Kd5 Kb2 54. Kc4 Kxa2 0-1

[Event "17e open 1hKO"]
[Site "Montigny le Bretonneux"]
[Date "2013.05.19"]
[Round "6.1"]
[White "Bouvier, Clement"]
[Black "Etrog, Jonathan"]
[Result "0-1"]
[WhiteElo "1895"]
[BlackElo "2210"]
[PlyCount "85"]
[EventDate "2013.04.??"]
[EventType "swiss"]
[EventRounds "7"]
[EventCountry "FRA"]
[SourceDate "2005.09.12"]

{Défense française} 1. e4 e6 2. Nf3 d5 3. e5 c5 4. b4 d4 5. bxc5 Bxc5 6. Bd3
Nc6 7. O-O f6 8. Qe2 fxe5 9. Nxe5 Nf6 10. Nxc6 bxc6 11. Bc4 Qd6 12. d3 O-O 13.
Nd2 Bd7 14. Ne4 Nxe4 15. Qxe4 Kh8 16. Re1 Rae8 17. Bd2 e5 18. Bg5 Bf5 19. Qe2
Qg6 20. Qd2 Qh5 21. f3 h6 22. g4 Bxg4 23. fxg4 Qxg4+ 24. Qg2 Qxg5 25. Qxg5 hxg5
26. Re4 Rf4 27. Rae1 Bd6 28. R1e2 Ref8 29. Kg2 Kh7 30. Kg1 Kg6 31. Kg2 Rf1 32.
Bb3 R8f6 33. Bg8 Rc1 34. h4 Rff1 35. hxg5 Kxg5 36. Bb3 Rg1+ 37. Kh2 Rh1+ 38.
Kg3 Rcf1 39. Kg2 Kf5 40. Ba4 c5 41. Bd7+ Kf6 42. Bc6 Ke6 43. Bb5 {suite
illisible} 0-1

[Event "17e open 1hKO"]
[Site "Montigny le Bretonneux"]
[Date "2013.05.19"]
[Round "6.2"]
[White "Claisse, Patrick"]
[Black "Duval, Sylvain"]
[Result "1/2-1/2"]
[WhiteElo "1836"]
[BlackElo "1972"]
[PlyCount "61"]
[EventDate "2013.04.??"]
[EventType "swiss"]
[EventRounds "7"]
[EventCountry "FRA"]
[SourceDate "2005.09.12"]

{Défense sicilienne, variante du dragon} 1. e4 c5 2. Nf3 g6 3. d4 cxd4 4. Nxd4
Bg7 5. Be3 Nc6 6. Nc3 Nf6 7. Nb3 O-O 8. Be2 d6 9. O-O a5 10. a4 Be6 11. f4 Bxb3
12. cxb3 Rc8 13. Bf3 Nd7 14. Rc1 Nb4 15. e5 dxe5 16. Bxb7 Rb8 17. Qf3 Qc7 18.
Be4 Nf6 19. Nd5 Qd7 20. Rc7 Qd8 21. Nxe7+ Kh8 22. Ra7 Nxe4 23. Qxe4 exf4 24.
Qxf4 Nd5 25. Nxd5 Qxd5 26. Rxf7 Qxf7 27. Qxf7 Rxf7 28. Rxf7 Rxb3 29. Bd2 Rxb2
30. Bxa5 Bd4+ 31. Kf1 1/2-1/2

[Event "17e open 1hKO"]
[Site "Montigny le Bretonneux"]
[Date "2013.05.18"]
[Round "6.3"]
[White "Goulenok, Eric"]
[Black "Branson, James"]
[Result "1-0"]
[WhiteElo "2187"]
[BlackElo "1722"]
[PlyCount "70"]
[EventDate "2013.04.??"]
[EventType "swiss"]
[EventRounds "7"]
[EventCountry "FRA"]
[SourceDate "2005.09.12"]

{Partie du pion dame} 1. Nf3 d5 2. g3 Nc6 3. d4 Nf6 4. Bg2 Bf5 5. c3 h6 6. O-O
Qd7 7. Re1 Bh3 8. Bh1 h5 9. Ng5 h4 10. Nd2 hxg3 11. hxg3 Qf5 12. Nxh3 Qxh3 13.
Bg2 Qh2+ 14. Kf1 O-O-O 15. b4 e6 16. b5 Nb8 17. Nf3 Qh5 18. Bg5 Bd6 19. Bxf6
gxf6 20. a4 Rdg8 21. e3 Qg6 22. Ra2 f5 23. Qd3 f6 24. c4 dxc4 25. Qxc4 Kd7 26.
a5 e5 27. dxe5 fxe5 28. Rd1 Ke7 29. b6 axb6 30. axb6 Nc6 31. bxc7 Bxc7 32. Rb2
Rb8 33. Rdb1 Qd6 34. Ng5 Nd8 35. Rb5 Rf8 {suite non notée} 1-0